Radioactive man - lyrics - Statistics

General Stats
  • This quiz has been taken 6 times
  • The average score is 40 of 147
Answer Stats
% Correct
a
100%
I
100%
man
100%
no
100%
radioactive
100%
am
50%
and
50%
And
50%
can
50%
fucking
50%
I'm
50%
me
50%
on
50%
so
50%
So
50%
that
50%
the
50%
aftermath
0%
Ah
0%
are
0%
at
0%
attitude
0%
attractive
0%
back
0%
bad
0%
battery
0%
Caring
0%
catastrophe
0%
cheesy
0%
come
0%
crude
0%
dancing
0%
dandy
0%
day
0%
despondent
0%
digital
0%
doom
0%
drive
0%
easy
0%
Ever
0%
faces
0%
feed
0%
for
0%
godsend
0%
groom
0%
half
0%
hand
0%
hard
0%
heart
0%
I'll
0%
In
0%
interactive
0%
intravenously
0%
Like
0%
lines
0%
machine
0%
make
0%
may
0%
meet
0%
my
0%
nobody
0%
not
0%
nuke
0%
of
0%
one
0%
other
0%
Rather
0%
Robot
0%
screen
0%
seem
0%
senses
0%
since
0%
sleazy
0%
spiderweb
0%
spin
0%
staring
0%
strutting
0%
take
0%
tan
0%
than
0%
them
0%
There
0%
Though
0%
Throughout
0%
traded
0%
tuxedo
0%
upon
0%
watch
0%
ways
0%
With
0%
with
0%
world
0%
your
0%
No matching quizzes found
Score Distribution
Percent of People with Each Score
Percentile by Number Answered
Your Score History
You have not taken this quiz